Blueprint for the nationalization of medicine: (Record no. 38183)

MARC details
000 -LEADER
fixed length control field 00716cam a22002291 4500
001 - CONTROL NUMBER
control field med47000798
003 - CONTROL NUMBER IDENTIFIER
control field DLC
005 - DATE AND TIME OF LATEST TRANSACTION
control field 20260227111600.0
008 - FIXED-LENGTH DATA ELEMENTS--GENERAL INFORMATION
fixed length control field 830713s1947 dcu b 000 0 eng c
010 ## - LIBRARY OF CONGRESS CONTROL NUMBER
LC control number med47000798
035 ## - SYSTEM CONTROL NUMBER
System control number (OCoLC)9697979
040 ## - CATALOGING SOURCE
Original cataloging agency U.S. Army Medical Library
Transcribing agency NcD
Modifying agency NcD
-- DLC
050 00 - LIBRARY OF CONGRESS CALL NUMBER
Classification number RA395.A3
Item number S47
082 ## - DEWEY DECIMAL CLASSIFICATION NUMBER
Classification number 614.2
100 1# - MAIN ENTRY--PERSONAL NAME
Personal name Shearon, Marjorie,
Dates associated with a name 1890-
245 10 - TITLE STATEMENT
Title Blueprint for the nationalization of medicine:
Remainder of title plans to enchain medicine by regulative interference.
260 ## - PUBLICATION, DISTRIBUTION, ETC.
Place of publication, distribution, etc. Washington, D.C.
Date of publication, distribution, etc. 1947.
300 ## - PHYSICAL DESCRIPTION
Extent 41 p.
Dimensions 23 cm.
500 ## - GENERAL NOTE
General note Cover title.
504 ## - BIBLIOGRAPHY, ETC. NOTE
Bibliography, etc. note Includes bibliographical references.
650 #0 - SUBJECT ADDED ENTRY--TOPICAL TERM
Topical term or geographic name entry element National health services
Geographic subdivision United States.

No items available.

Powered by Koha